Statistics for Cities of the Province in Netherlands: North Brabant

Click here to take the quiz!

General Stats

  • This quiz has been taken 89 times
  • The average score is 10 of 22

Answer Stats

City% Correct
Eindhoven
100%
Breda
99%
Tilburg
96%
Den Bosch
94%
Oss
86%
Bergen op Zoom
84%
Roosendaal
83%
Helmond
81%
Waalwijk
64%
Oosterhout
55%
Veldhoven
41%
Boxtel
38%
Valkenswaard
32%
Geldrop
20%
Heusden
16%
Geertruidenberg
14%
Willemstad
13%
Sint-Oedenrode
9%
Ravenstein
7%
Grave
3%
Klundert
3%
Woudrichem
3%

Score Distribution

Percentile by Number Answered

Percent of People with Each Score

Your Score History

You have not taken this quiz